Comparative politics (Record no. 395156)

MARC details
000 -LEADER
fixed length control field 00496 a2200193 4500
005 - DATE & TIME
control field 20260130161349.0
008 - FIXED-LENGTH DATA ELEMENTS--GENERAL INFORMATION
fixed length control field 260129b |||||||| |||| 00| 0 eng d
020 ## - ISBN
International Standard Book Number 9789369678006
Price Rs. 4595.00
040 ## - CATALOGING SOURCE
Original cataloging agency VIVEKANANDA LIBRARY
082 ## - DDC NUMBER
Classification number 320.3
Book Number R137C
100 ## - MAIN ENTRY--PERSONAL NAME
Personal name Ranjan, Kumud
245 ## - TITLE STATEMENT
Title Comparative politics
260 ## - PUBLICATION, DISTRIBUTION, ETC. (IMPRINT)
Name of publisher, distributor, etc Scientific Book International
Date of publication, distribution, etc 2026
Place of publication, distribution, etc New Delhi
300 ## - PHYSICAL DESCRIPTION
Pages 246
650 ## - Subject
Subject Political Science
650 ## - Subject
Subject Poltics Theory
650 ## - Subject
Subject Public Policy
942 ## - ADDED ENTRY ELEMENTS (KOHA)
Koha item type Books
Holdings
Withdrawn status Lost status Source of classification or shelving scheme Damaged status Not for loan Location (home branch) Sublocation or collection (holding branch) Shelving location Date acquired Koha issues (times borrowed) Koha full call number Accession No. Koha date last seen Koha item type
    Dewey Decimal Classification     VIVEKANANDA LIBRARY VIVEKANANDA LIBRARY Vivekananda Library 07/01/2026   320.3 R137C 443955 07/01/2026 Books
© Designed and Maintained by Vivekananda Library, MDU Rohtak